Lemur Behaviour : A Madagascar Field Study (Record no. 589563)

MARC details
000 -LEADER
fixed length control field 00437nam a2200145Ia 4500
008 - FIXED-LENGTH DATA ELEMENTS--GENERAL INFORMATION
fixed length control field 100415s9999 xx 000 0 und d
082 ## - DEWEY DECIMAL CLASSIFICATION NUMBER
Item number 6596
Classification number 599.8
100 ## - MAIN ENTRY--PERSONAL NAME
Personal name Jolly Alison
245 ## - TITLE STATEMENT
Title Lemur Behaviour : A Madagascar Field Study
260 ## - PUBLICATION, DISTRIBUTION, ETC. (IMPRINT)
Place of publication, distribution, etc CHICAGO
Date of publication, distribution, etc 1966
Name of publisher, distributor, etc UNIVERSITY OF CHICAGO
365 ## - TRADE PRICE
Price amount 0
630 ## - SUBJECT ADDED ENTRY--UNIFORM TITLE
Uniform title Lemur Behaviour : A Madagascar Field Study
730 ## - ADDED ENTRY--UNIFORM TITLE
Uniform title Lemur Behaviour : A Madagascar Field Study
942 ## - ADDED ENTRY ELEMENTS (KOHA)
Koha item type Book
Holdings
Withdrawn status Lost status Damaged status Not for loan Home library Current library Date acquired Cost, normal purchase price Total Checkouts Full call number Barcode Date last seen Price effective from Koha item type
        Bombay Natural History Society Bombay Natural History Society 04/11/1998 0.00   599.8 6596 BNHS-6596 04/15/2010 04/15/2010 Book